Macroeconomic imbalances - France

Gespeichert in:
Bibliographische Detailangaben
Körperschaft: European Commission
Format: Buch
Sprache:Englisch
Veröffentlicht: Luxembourg Publications Office of the European Union 2012
Schriftenreihe:European economy
Schlagworte:
Tags: Tag hinzufügen
Keine Tags, Fügen Sie das erste Tag hinzu!

MARC

LEADER 00000nam$a2200000$$$4500
001 0160231
005 20240318114507.3
020 |a 978-92-79-22891-9 
022 |a 1725-3195 
041 0 |a eng 
044 |a LU 
245 1 0 |a Macroeconomic imbalances - France 
264 1 |a Luxembourg  |b Publications Office of the European Union  |c 2012 
300 |a 29 s. 
490 1 |a European economy 
830 0 |a European economy 
610 2 0 |a situácia hospodárska 
610 2 0 |a makroekonomika 
610 2 0 |a nerovnováha hospodárska 
610 2 0 |a rozvoj hospodársky 
610 2 0 |a konkurencieschopnosť 
610 2 0 |a ceny 
610 2 0 |a vývoz 
610 2 0 |a kvalita výrobkov 
610 2 0 |a náklady práce 
610 2 0 |a zadlženosť vnútorná 
610 2 0 |a zadlženosť zahraničná 
610 2 0 |a sektor súkromný 
610 2 0 |a sektor verejný 
610 2 0 |a politika bytová 
610 2 0 |a situácia finančná obyvateľstva 
610 2 0 |a situácia finančná podniku 
610 2 0 |a Francúzsko 
710 2 |a European Commission